00277nam a2200109Ia 4500008004100000100002700041245003200068260003600100300000900136942000700145999001500152190216s9999||||xx |||||||||||||| ||und|| aMehrotra &goyal Sp 0aIncome Tax Law And Practice bHimalaya Publishing Housec1993 a858p cBK c5532d5532